| 000 | 00390cam a22001337a 4500 | ||
|---|---|---|---|
| 008 | 180718b2010 xxu||||| |||| 00| 0 eng d | ||
| 020 | _a9788191031805 | ||
| 082 | _aA99/Ac44 P195 | ||
| 100 | _aPant, J. C. | ||
| 245 |
_aPandit Sriram Sharma Acharya as I knew him _cby J. C. Pant |
||
| 260 |
_aNew Delhi _bREACHA _c2010 |
||
| 300 | _a351p. | ||
| 650 | _aAcharya, Pandit Sriram Sharma -Biography | ||
| 999 |
_c502027 _d502027 |
||